100 plus grandes villes d'Amérique du Nord - Carte - Statistiques

Statistiques générales
  • Ce quiz a été pris 5 281 fois
  • Le résultat moyen est 40 sur 100
Réponses sur la Carte
Les réponses sont colorées sur une échelle allant du rouge au vert en fonction du pourcentage des utilisateurs qui les ont devinées à leur premier essai. Vous pouvez retrouver ces pourcentages ci-dessous.
 
Statistiques - réponses
Population Ville/aire urbaine % Correct
22.4 m New York
98%
17.8 m Los Angeles
97%
6.35 m Miami
95%
22.8 m Mexico
94%
9.75 m Chicago
92%
8.55 m Washington
92%
4.25 m Montréal
90%
7.85 m San Francisco
90%
7.65 m Boston
87%
7.35 m Toronto
85%
1.23 m Ottawa
84%
2.25 m Las Vegas
83%
4.38 m Seattle
83%
7.10 m Dallas
82%
2.75 m Vancouver
82%
6.60 m Houston
79%
2.23 m La Havane
78%
5.28 m Tijuana - San Diego
78%
5.70 m Détroit
77%
7.35 m Philadelphie
76%
5.80 m Atlanta
75%
3.70 m Denver
72%
1.51 m Panama
66%
4.58 m Phoenix
65%
2.35 m San José
63%
3.38 m Orlando
62%
3.13 m Port-au-Prince
62%
2.40 m Portland
58%
1.02 m La Nouvelle-Orléans
57%
1.92 m Austin
56%
3.15 m Guatemala
56%
2.18 m San Antonio
56%
2.08 m Sacramento
53%
2.43 m Charlotte
51%
1.98 m Indianapolis
51%
3.90 m Saint Domingue
51%
2.43 m Salt Lake City
51%
3.15 m Minneapolis
50%
0.76 m Cancún
48%
5.25 m Guadalajara
48%
1.51 m Calgary
46%
1.42 m Jacksonville
45%
1.87 m San Salvador
44%
1.14 m Tegucigalpa
44%
1.15 m Memphis
43%
2.50 m El Paso - Juárez
41%
1.98 m Kansas City
41%
1.14 m Oklahoma City
41%
2.35 m Saint Louis
41%
1.36 m Edmonton
40%
1.55 m Milwaukee
40%
4.93 m Monterrey
40%
4.30 m Tampa
40%
3.08 m Cleveland
39%
1.46 m Nashville
38%
1.32 m Managua
36%
1.06 m Louisville
28%
2.05 m Pittsburgh
27%
2.78 m Cincinnati
26%
2.03 m San Juan
25%
1.35 m Buffalo
23%
1.73 m Columbus
22%
1.63 m Raleigh
22%
0.89 m Acapulco
21%
1.19 m Providence
16%
1.06 m Richmond
16%
0.84 m Tucson
16%
1.13 m Mérida
14%
3.13 m Puebla
14%
1.61 m Virginia Beach
13%
0.92 m Chihuahua
12%
1.69 m Hartford
10%
1.91 m León
10%
0.92 m Veracruz
9%
0.75 m Birmingham
8%
1.33 m Harrisburg
8%
1.04 m Mexicali
8%
1.11 m Greensboro
7%
1.14 m Matamoros - Brownsville
6%
2.28 m Toluca
6%
1.50 m Reynosa - McAllen
5%
1.21 m San Luis Potosí
5%
1.25 m Stockton
5%
1.14 m Aguascalientes
4%
1.07 m Cape Coral
4%
0.78 m Laredo - Nuevo Laredo
4%
1.19 m Melbourne
4%
1.40 m Querétaro
4%
1.18 m San Pedro Sula
4%
1.04 m Cuernavaca
3%
0.91 m Culiacán
3%
0.88 m Hermosillo
3%
0.91 m Morelia
3%
0.92 m Tampico
3%
1.35 m Torreón
3%
0.92 m Bridgeport
2%
0.92 m Saltillo
2%
0.82 m Villahermosa
2%
0.77 m Xalapa
2%
0.81 m Tuxtla Gutiérrez
1%
Aucun quiz correspondant
Distribution des résultats
% des personnes avec chaque résultat
Percentile par nombre de réponses
Votre historique - résultats
Vous n’avez pas pris ce quiz